000 01183nam0a22002531 4500
001 rc\370572
005 20260407132246.0
035 _a(NLR Aleph) 005602146
090 _a6324167
_c6324167
100 _a20030307d1989 |||y0rusy50 ca
101 0 _arus
102 _aRU
105 _ay |||||||||
200 1 _aМЕТОДИЧЕСКИЕ рекомендации по переходу академических научных организаций на новые условия хозяйствования и финансирования
_fАН СССР, Гл. план.-экон. упр. Ленингр. науч. центр, Ин-т соц.-экон. пробл.
_g[Разраб.: к. э. н. Коношенко А.И. и др.]
210 _aЛ.
_cИСЭП
_d1989
215 _a46 с.
_d20
320 _aБиблиогр.: с. 43-45
702 1 _aКоношенко
_bА.И.
_gАлександр Иванович
_4570
712 0 2 _aИнститут социально-экономических проблем
_cЛенинград
_9482511
_3RU\NLR\AUTH\889993045
801 0 _aRU
_bNLR
_gpsbo
801 1 _aRU
_bELAR
_2rusmarc
852 _aNLR
_j89-4/24631
942 _cBOOK
980 _aNB